000 00694nam a2200229Ia 4500
008 191130s1996##################000#0#eng##
020 _a9780679762652
022 _a97120691
040 _aACL
_cACL
082 _a895.6344 KAW
100 _aKawabata, Yasunari
245 _aThousand cranes
_cYasunari Kawabata ; translated by Edward G. Seidensticker
250 _a1st Vintage International ed
260 _aNew York
_bVintage Books
_c1996
300 _avi, 147 p. : ill. ; 21 cm
500 _aOriginally published: New York : Knopf, 1958
650 _aFiction
700 _aSeidensticker, Edward
990 _a13bb5325ac10000c23b68c3d411bf068
991 _a141605
999 _c78665
_d78665